Ideario de Canovas

محفوظ في:
التفاصيل البيبلوغرافية
المؤلف الرئيسي: González Blanco, Edmundo
التنسيق: كتاب
اللغة:Undetermined
منشور في: Madrid, España Janson 1931
الموضوعات:
الوسوم: إضافة وسم
لا توجد وسوم, كن أول من يضع وسما على هذه التسجيلة!

MARC

LEADER 00000nam a2200000Ia 4500
008 170316s9999 xx 000 0 und d
040 |a cru BVZT 
090 |a 862 G-34i 
100 |a González Blanco, Edmundo 
245 |a Ideario de Canovas 
260 |a Madrid, España  |b Janson  |c 1931 
300 |a 208 páginas 
650 |a LITERATURA ESPAÑOLA 
942 |c 15 D 
999 |c 9925  |d 9925